| 000 | 00425nam a2200181Ia 4500 | ||
|---|---|---|---|
| 001 | 15701 | ||
| 005 | 20260306170215.0 | ||
| 008 | 260306t2010||||xx |||||||||||||| ||und|| | ||
| 041 | _aESP | ||
| 082 |
_a577.14 _bC75 |
||
| 100 |
_aColonna, Paul (coord.) _eAUT |
||
| 245 | 0 | _aLa química verde | |
| 260 | _c2010 | ||
| 300 |
_axxxvi, 549 páginas : _c24 cm. |
||
| 650 | _aGEN | ||
| 654 | _aCIA | ||
| 942 |
_cLIB _dJUS _fJUS _2ddc _n |
||
| 999 |
_c15701 _d15701 |
||